Feminine agro-tourism cooperatives in Greece

Pôsobenie ženských družstiev v Grécku, ktoré sa špecializujú na agroturistiku. Sociálny, ekonomický a legistaívny rámec pôsobenia týchto družstiev. Oblasť pôsobenia, ciele, organizačná štruktúra, problémy a možnosti vývoja ženských agroturistických družstiev v Grécku. Výsledky dotazníkového prieskum...

Full description

Saved in:
Bibliographic Details
Main Author: Florou, Giannoula
Other Authors: Karasavvoglou, Anastasios
Format: Book Chapter
Language:English
Subjects:
Tags: Add Tag
No Tags, Be the first to tag this record!

MARC

LEADER 00000naa$a2200000$$$4500
001 0068704
005 20231016072749.5
041 0 |a eng 
044 |a SK 
245 1 0 |a Feminine agro-tourism cooperatives in Greece  |c Giannoula Florou, Anastasios Karasavvoglou 
520 |a Pôsobenie ženských družstiev v Grécku, ktoré sa špecializujú na agroturistiku. Sociálny, ekonomický a legistaívny rámec pôsobenia týchto družstiev. Oblasť pôsobenia, ciele, organizačná štruktúra, problémy a možnosti vývoja ženských agroturistických družstiev v Grécku. Výsledky dotazníkového prieskumu. 
610 2 0 |a ruch cestovný 
610 2 0 |a agroturistika 
610 2 0 |a regióny 
610 2 0 |a rozvoj regionálny 
610 2 0 |a služby 
610 2 0 |a družstvá 
610 2 0 |a ženy 
610 2 0 |a Grécko 
100 1 |a Florou, Giannoula 
700 1 |a Karasavvoglou, Anastasios